Countries by their 10 Largest Cities - America - Statistics

General Stats
  • This quiz has been taken 308 times
  • The average score is 7 of 9
Answers on the Map
Answers color-coded by a green-red scale on the quiz's map according to % correct below.
 
Answer Stats
Pays % Correct
7 Chile
92%
4 Brazil
89%
1 Canada
87%
6 Peru
79%
3 Cuba
76%
9 United States
76%
5 Mexico
75%
2 Argentina
69%
8 Colombia
67%
No matching quizzes found
Score Distribution
Percent of People with Each Score
Percentile by Number Answered
Your Score History
You have not taken this quiz